| 000 | 00358nam a22001097a 4500 | ||
|---|---|---|---|
| 082 | _a620.112 BRO'S | ||
| 100 |
_aBROOKS, W. H,HOULSTON, E. P _980632 |
||
| 245 | _aSTRENGTH AND ELASITICITY OF MATERIALS AND THEORY OF STRUCTURES SOLUTION OF EXAMINATION QUESTION OF THE UNIVERSITY OF LONDON | ||
| 260 |
_aLONDON _bMACDONALD _c1962 |
||
| 300 | _a217P | ||
| 942 | _cBK | ||
| 999 |
_c585529 _d585529 |
||